Obálka Náhled e-knihy:
PDF Epub
Pro půjčování e-knih musíte být přihlášeni.
Jak si půjčit online?

Družina Horských šelem. Údolí šelem /

Třetí kniha v řadě fantasy série o dobrodružstvích družiny Horských šelem - přátel Ranky, Koré, Grulta a Jagha.

Uloženo v:
Série:Družina Horských šelem, část 3
Hlavní autor: Eismann, Petr, 1981- (Autor)
Médium: E-kniha
Jazyk:Czech
Vydáno: [Praha] : Jonathan Livingston, 2021
Témata:
Příbuzné jednotky:Z cyklu:: Družina Horských šelem
Tagy:
Žádné tagy
LEADER 02313nam a2200409 i 4500
001 311378
003 CZ PrSKC
005 20260601215704.0
007 ta
008 210702s2021 xr g 000 f cze
015 |a cnb003330543 
020 |a 9788075511966  |q (brožováno) 
035 |a (OCoLC)1240907673 
035 |a (OCoLC)1274109021 
040 |a ABG001  |b cze  |d ABA001  |e rda 
072 7 |a 821.162.3-3  |x Česká próza  |2 Konspekt 
080 |a 821.162.3-31  |2 MRF 
080 |a (0:82-312.9)  |2 MRF 
100 1 |a Eismann, Petr,  |d 1981-  |7 xx0246498  |4 aut 
245 1 0 |a Družina Horských šelem.  |p Údolí šelem /  |c Petr Eismann 
246 3 0 |a Údolí šelem 
264 1 |a [Praha] :  |b Jonathan Livingston,  |c 2021 
300 |a 394 stran ;  |c 17 cm 
336 |a text  |b txt  |2 rdacontent 
337 |a bez média  |b n  |2 rdamedia 
338 |a svazek  |b nc  |2 rdacarrier 
520 2 |a Třetí kniha v řadě fantasy série o dobrodružstvích družiny Horských šelem - přátel Ranky, Koré, Grulta a Jagha.  |b Uprostřed divočiny zakládají mistři Jagha, Grulta, Ranky a Koré město Haven, ve kterém mají žít vedle sebe původní obyvatelé Divočiny a zástupci kolonistů. Tímto projektem se snaží mistři hlavních hrdinů dokázat, že války mezi těmito rozdílnými etniky jsou zcela zbytečné, a tedy může dojít k ukončení bojů, které s různou intenzitou zuří už stovky let. Ne každý je z této vize nadšen. Proto proti Havenu vyrazí skupiny nepřátel, kteří chtějí zničit tento projekt v jeho začátku. Nakladatelská anotace. Kráceno. 
655 7 |a české romány  |7 fd133974  |2 czenas 
655 7 |a fantasy romány  |7 fd184199  |2 czenas 
655 9 |a Czech fiction  |2 eczenas 
655 9 |a fantasy novels  |2 eczenas 
787 0 8 |i Z cyklu:  |t Družina Horských šelem  |g 3 
900 |a ABA001  |b 21 
044 |a xr 
910 |a RBIT002 
998 |d 333184  |a https://core.palmknihy.cz/api/books/333184/cover?qx7gul  |b https://core.palmknihy.cz/api/books/333184/cover/400?qx7gul  |c https://core.palmknihy.cz/api/books/333184/cover/50?qx7gul  |e 2026-07-31  |g 400  |i 9788075511966  |j https://core.palmknihy.cz/api/books/333184/preview.epub  |k https://core.palmknihy.cz/api/books/333184/preview.pdf  |l   |q 49  |r 1  |s https://www.palmknihy.cz/kniha/333184  |t ebook  |y 2021  |z 0  |v Družina Horských šelem  |w 3 
999 |d 311376